00510nam a2200193 450000100060000001000150000600500170002102100180003810000410005610100080009710200070010510500180011267500210013070000210015170200230017220000750019521000270027021500190029730914 a972699859X20220405165459.0 aPTb250234/06 a20100309d2006 a 0pory5003 ba apor aPT aa z 000fy a087.5 vBNLzpor 1aRainha bIsabel  1aRibeirobAna 44401 aMenina que não sabia as cores fIsabel Rainha gil. Ana Ribeiro  aLisdboa cVega d2006  a30 p. d24 cm